Diseño de un sistema de información en el área de planificación de una universidad estatal
Збережено в:
| Автор: | |
|---|---|
| Інші автори: | |
| Формат: | Книга |
| Опубліковано: |
San José, C.R.
2000
|
| Предмети: | |
| Теги: |
Додати тег
Немає тегів, Будьте першим, хто поставить тег для цього запису!
|
MARC
| LEADER | 00000nam a2200000Ia 4500 | ||
|---|---|---|---|
| 003 | 008699 | ||
| 005 | 20221231144203.0 | ||
| 008 | 140114s2000 cr a m 000 ||s d | ||
| 040 | |c cru CEDI | ||
| 090 | |a TFG 4291 | ||
| 100 | |a Brenes Ruiz, Octavio |9 7841 | ||
| 245 | |a Diseño de un sistema de información en el área de planificación de una universidad estatal | ||
| 260 | |c 2000 |a San José, C.R. | ||
| 300 | |a x, 267 hojas : ilustraciones (algunas a color) | ||
| 500 | |a Tesis (licenciatura en ingenieria industrial)--Universidad de Costa Rica. Facultad de Ingeniería.Escuela de Ingeniería Industrial | ||
| 650 | |x UNIVERSIDAD ESTATAL A DISTANCIA (COSTA RICA) |x SISTEMAS DE INFORMACION EN PLANIFICACION |x DESARROLLO CIENTIFICO Y TECNOLOGICO |9 7843 | ||
| 700 | |9 7842 |a Salas Chinchilla, Iván A | ||
| 942 | |c TFG | ||
| 999 | |c 18147 |d 18147 | ||
